00964cam a22002654a 4500999001500000001000500015003000900020005001700029008004100046020001500087040002300102082002100125100001800146245008200164260003100246300004800277504006400325650003600389650003400425650004400459650004200503700002200545942001200567952011900579 c3609d36099402BD-DhUAP20200309164635.0200309s2006 nyua b 001 0 eng  a9971513668 aDLCcDLCdBD-DhUAP00a621.3845 LIN2231 aLin, Yi-Bing.10aWireless and mobile network architectures /cYi-Bing Lin and Imrich Chlamtac. aNew York :bWiley,cc2001. axxiii, 532 pages :billustrations ;c25 cm. aIncludes bibliographical references (p. 501-518) and index. 0aWireless communication systems. 0aMobile communication systems. 0aPersonal communication service systems. 0aTelecommunicationxSwitching systems.1 aChlamtac, Imrich. 2ddccBK 00102ddc4070aUAPCLbUAPCLcGeneral Stacksd2020-03-09o621.3845 LINp3010009402r2020-03-09t1w2020-03-09yBK